Geometric tomography /
Guardado en:
| Autor Principal: | |
|---|---|
| Formato: | Libro |
| Idioma: | English |
| Publicado: |
Cambridge :
Cambridge University Press,
1995.
|
| Series: | Encyclopedia of mathematics and its applications ;
v. 58 |
| Etiquetas: |
Agregar Etiqueta
Sin Etiquetas, Sea el primero en etiquetar este registro!
|
| LEADER | 00656nam a22001815a 4500 | ||
|---|---|---|---|
| 001 | MAT.inmabb000024 | ||
| 008 | 941005s1995####enka#####b####001#0#eng#d | ||
| 005 | 20130402110343.0 | ||
| 245 | 1 | 0 | |a Geometric tomography / |c Richard J. Gardner. |
| 260 | |a Cambridge : |b Cambridge University Press, |c 1995. | ||
| 300 | |a xv, 424 p. : |b il. ; |c 25 cm. | ||
| 440 | 0 | |a Encyclopedia of mathematics and its applications ; |v v. 58 | |
| 504 | |a Incluye referencias bibliográficas (p. 387-407) e índices. | ||
| 510 | 4 | |a MR, |c 96j:52006 | |
| 020 | |a 0521451264 (hardback) | ||
| 100 | 1 | |a Gardner, Richard J. | |
| 084 | |a 52A22 (44A12 92C55) |2 msc2000 | ||
| 859 | |h 52 |i G226 |p A-7717 |b BIB. MATEMATICA | ||
